| 000 | 02416cam a22005054i 4500 | ||
|---|---|---|---|
| 003 | PE-LiUPU | ||
| 005 | 20250731173434.0 | ||
| 008 | 150706s2013 xxua r 000 0 spa d | ||
| 020 | _a9780829765311 | ||
| 035 | _a(Sirsi) i9780829765311 | ||
| 040 |
_aPE-LiUPU _bspa _cPE-LiUPU _erda |
||
| 049 | _aPRUA | ||
| 082 | 0 | 4 |
_a259.23 _bP75 _221 |
| 100 | 1 |
_aPolich, Laurie, _eautor. |
|
| 245 | 1 | 0 |
_aGrupos pequeños y células de impacto / _cLaurie Polich. |
| 264 | 1 |
_aMiami, Florida : _bVida, _c2013. |
|
| 300 |
_a105 páginas : _bilustraciones ; _c22 centímetros |
||
| 336 |
_atext _2rdacontent |
||
| 337 |
_aunmediated _2rdamedia |
||
| 338 |
_avolume _2rdacarrier |
||
| 500 | _aTitulo original: Help I'm a Small Group Leader! 50ways to lead teenegers into lively & purposeful discussions . | ||
| 505 | 0 | _a¿Qué es una célula o grupo pequeño? -- ¿Por qué los grupos pequeños? -- ¿Cómo se forman los grupos pequeños? -- ¿Cómo no debemos liderar una célula o grupo pequeño? -- Comienza una discusión . y mantenla en marcha -- La importancia de la confidencialidad -- Formula preguntas que obtengan respuestas -- Tres clases de preguntas de estudio bíblico para formular -- Trabajo con personalidades diferentes en una célula o grupo pequeño -- Puedes ayudar a tus chicos para que aprendan a orar -- Diez ideas para construir una comunidad en tu grupo pequeño -- Cien preguntas listas para usar en estudios bíblicos de grupos pequeños. | |
| 526 | _aSEG42 | ||
| 526 | _aSEG41 | ||
| 526 | _aSEG40 | ||
| 526 | _aSEG39 | ||
| 526 | _aP94 | ||
| 526 | _aP87 | ||
| 526 | _aP86 | ||
| 526 | _aP85 | ||
| 526 | _aP77 | ||
| 526 | _aP76 | ||
| 526 | _aP35 | ||
| 541 | _g001-0000701; | ||
| 650 | 0 | 4 | _aTrabajo de iglesia con adolescentes. |
| 650 | 0 | 4 |
_aPequeños grupos _xCristianismo. |
| 700 | 1 |
_aDe Deiros, Norma C., _etraductor |
|
| 700 | 1 |
_aDíaz, Madeline, _eeditor. |
|
| 910 |
_agl _clch _d20131119 |
||
| 942 |
_2ddc _cBOOK |
||
| 949 |
_a259.23 P75 _wDEWEY _c1 _i68476 _lCCODEBUL1 _mBUL _p11.00 _r0 _sY _tBOOK _u2015-7-6 _xTEOLOGIA _PP35 _o.STAFF. Colección Teología |
||
| 994 |
_aC0 _bPEPRU |
||
| 596 | _a1 | ||
| 999 |
_a259.23 P75 _wDEWEY _c55860 _i68476 _d55860 _e2017-4-4 _f2021-11-10 _g5 _lCCODEBUL1 _mBUL _n5 _p11.00 _r0 _sY _tBOOK _u2015-7-6 _xTEOLOGIA _PP35 _0COMPRA _o.STAFF. Colección Teología |
||
| 980 |
_81 _gALBERTO SANCHEZ Responsable de Automatización |
||